书目信息 |
| 题名: |
中国与东盟自由贸易区研究
|
|
| 作者: | 李荣林 , 宫占奎 , 孟夏 著 | |
| 分册: | ||
| 出版信息: | 天津 天津大学出版社 2007.04 |
|
| 页数: | 356页 | |
| 开本: | 21cm | |
| 丛书名: | ||
| 单 册: | ||
| 中图分类: | F752.733 | |
| 科图分类: | ||
| 主题词: | 自由贸易区--研究--东南区、中国 | |
| 电子资源: | ||
| ISBN: | 978-7-5618-2436-8 | |
| 000 | 01023nam0 2200265 450 | |
| 001 | 1038708578 | |
| 005 | 20100721104739.31 | |
| 010 | @a978-7-5618-2436-8@dCNY25.00 | |
| 100 | @a20100515d2007 km y0chiy0120 ea | |
| 101 | 0 | @achi |
| 102 | @aCN@b120000 | |
| 105 | @ay a 000yy | |
| 200 | 1 | @a中国与东盟自由贸易区研究@Azhong guo yu dong meng zi you mao yi qu yan jiu@f李荣林, 宫占奎, 孟夏著@Fli rong lin,gong zhan kui,meng xia zhu |
| 210 | @a天津@c天津大学出版社@d2007.04 | |
| 215 | @a356页@d21cm | |
| 300 | @a教育部人文社会科学重点研究基地基金资助 | |
| 320 | @a有书目 (第353-356页) | |
| 330 | @a本书分别从中国和东盟内部和国际范围的角度,利用政治经济的分析方法考察了CAFTA的形成对中国以及对整个亚太地区的影响。并分别从货物贸易自由化和经济技术合作等方面考察了CAFTA的具体内容。 | |
| 606 | 0 | @a自由贸易区@x研究@y东南区、中国 |
| 690 | @aF752.733@v4 | |
| 701 | 0 | @a李荣林@Ali rong lin@4著 |
| 701 | 0 | @a宫占奎@Agong zhan kui@4著 |
| 701 | 0 | @a孟夏@Ameng xia@4著 |
| 801 | 0 | @aCN@c20100515 |
| 905 | @dF752.733@eL240@f3 | |
| 中国与东盟自由贸易区研究/李荣林, 宫占奎, 孟夏著.-天津:天津大学出版社,2007.04 |
| 356页;21cm |
| 教育部人文社会科学重点研究基地基金资助 |
| ISBN 978-7-5618-2436-8:CNY25.00 |
| 本书分别从中国和东盟内部和国际范围的角度,利用政治经济的分析方法考察了CAFTA的形成对中国以及对整个亚太地区的影响。并分别从货物贸易自由化和经济技术合作等方面考察了CAFTA的具体内容。 |
| ● |
| 相关链接 |
|
|
|
正题名:中国与东盟自由贸易区研究
索取号:F752.733/L240
 
预约/预借
| 序号 | 登录号 | 条形码 | 馆藏地/架位号 | 状态 | 备注 |
| 1 | 993277 | 209932778 | 社科库409/409社科库 48排7列1层/ [索取号:F752.733/L240] | 在馆 | |
| 2 | 993278 | 209932787 | 社科二线422/422社科库 3排2列4层/ [索取号:F752.733/L240] | 在馆 | |
| 3 | 993279 | 209932796 | 社科库409/409社科库 48排7列1层/ [索取号:F752.733/L240] | 在馆 |